Tribhuvan University Central Library

Maxim of english grammar and composition : A basic skills course in english grammar and composition (Record no. 98141)

MARC details
000 -LEADER
fixed length control field 00472nam a22001577a 4500
008 - FIXED-LENGTH DATA ELEMENTS--GENERAL INFORMATION
fixed length control field 210205b xxu||||| |||| 00| 0 eng d
020 ## - INTERNATIONAL STANDARD BOOK NUMBER
International Standard Book Number 9937531667
082 ## - DEWEY DECIMAL CLASSIFICATION NUMBER
Classification number 425/M413m
100 ## - MAIN ENTRY--PERSONAL NAME
Personal name Matchett, Sarah
245 ## - TITLE STATEMENT
Title Maxim of english grammar and composition : A basic skills course in english grammar and composition
260 ## - PUBLICATION, DISTRIBUTION, ETC.
Place of publication, distribution, etc. Kathmandu:
Name of publisher, distributor, etc. Readmore,
Date of publication, distribution, etc. 2010
300 ## - PHYSICAL DESCRIPTION
Extent 204p. ;ill.
650 ## - SUBJECT ADDED ENTRY--TOPICAL TERM
Topical term or geographic name entry element English language
650 ## - SUBJECT ADDED ENTRY--TOPICAL TERM
Topical term or geographic name entry element English grammar
942 ## - ADDED ENTRY ELEMENTS (KOHA)
Source of classification or shelving scheme Dewey Decimal Classification
Koha item type ISBN
Holdings
Withdrawn status Lost status Source of classification or shelving scheme Damaged status Not for loan Home library Current library Date acquired Total Checkouts Full call number Barcode Date last seen Price effective from Koha item type
    Dewey Decimal Classification     Tribhuvan University Central Library Tribhuvan University Central Library 02/05/2021   425/M413m IS18843 02/05/2021 02/05/2021 ISBN